000 00951nam a22002417a 4500
003 OSt
005 20241008113603.0
008 241008b |||||||| |||| 00| 0 eng d
020 _a9789966531032
020 _a9966531032
040 _aMMU
_beng
_eMMU
_cMMU
050 _aKSK 1220 .O384 2022
100 1 _aOgembo, George
_eauthor.
_92009
245 1 0 _aEmployment law :
_bguide for employers /
_cGeorge Ogembo.
250 _aSecond Edition.
264 1 _aNairobi, Kenya :
_bLaw Africa Publishing (K) Ltd.,
_c[2022]
300 _alxxi, 637 pages ;
_c21 cm
504 _aIncludes bibliographical references (page [639]).
650 0 _aLabor laws and legislation
_zKenya.
_92010
650 7 _aLabor laws and legislation
_2fast
_92011
775 0 8 _iRevision of:
_aOgembo, George A.
_tEmployment law : guide for employers.
_dNairobi, Kenya : Law Africa Publishing (K) Ltd., [2014]
_z9789966530080
_w(OCoLC)1031908823
942 _2lcc
_cLOAN LOAN
_eSecond edition.
999 _c33098
_d33095